header

Invention, copyright, and digital writing (Record no. 5626)

MARC details
000 -LEADER
fixed length control field 01507nam a2200361Ia 4500
001 - CONTROL NUMBER
control field ebr10701563
003 - CONTROL NUMBER IDENTIFIER
control field CaPaEBR
006 - FIXED-LENGTH DATA ELEMENTS--ADDITIONAL MATERIAL CHARACTERISTICS--GENERAL INFORMATION
fixed length control field m o u
007 - PHYSICAL DESCRIPTION FIXED FIELD--GENERAL INFORMATION
fixed length control field cr cn|||||||||
008 - FIXED-LENGTH DATA ELEMENTS--GENERAL INFORMATION
fixed length control field 120620s2013 ilua sb 001 0 eng d
010 ## - LIBRARY OF CONGRESS CONTROL NUMBER
Canceled/invalid LC control number 2012023690
020 ## - INTERNATIONAL STANDARD BOOK NUMBER
Cancelled/invalid ISBN 9780809330966 (pbk. : alk. paper)
Cancelled/invalid ISBN 0809330962 (pbk. : alk. paper)
Cancelled/invalid ISBN 9780809330980 (ebook)
Cancelled/invalid ISBN 0809330989 (ebook)
040 ## - CATALOGING SOURCE
Original cataloging agency CaPaEBR
Transcribing agency CaPaEBR
035 ## - SYSTEM CONTROL NUMBER
System control number (OCoLC)844437562
050 14 - LIBRARY OF CONGRESS CALL NUMBER
Classification number KF3024.E44
Item number R54 2013eb
082 04 - DEWEY DECIMAL CLASSIFICATION NUMBER
Classification number 346.7304/82
Edition number 23
100 1# - MAIN ENTRY--PERSONAL NAME
Personal name Rife, Martine Courant.
245 10 - TITLE STATEMENT
Title Invention, copyright, and digital writing
Medium [electronic resource] /
Statement of responsibility, etc Martine Courant Rife.
260 ## - PUBLICATION, DISTRIBUTION, ETC. (IMPRINT)
Place of publication, distribution, etc Carbondale :
Name of publisher, distributor, etc Southern Illinois University Press,
Date of publication, distribution, etc c2013.
300 ## - PHYSICAL DESCRIPTION
Extent ix, 222 p. :
Other physical details ill.
504 ## - BIBLIOGRAPHY, ETC. NOTE
Bibliography, etc Includes bibliographical references (p. 197-213) and index.
533 ## - REPRODUCTION NOTE
Type of reproduction Electronic reproduction.
Place of reproduction Palo Alto, Calif. :
Agency responsible for reproduction ebrary,
Date of reproduction 2013.
Note about reproduction Available via World Wide Web.
-- Access may be limited to ebrary affiliated libraries.
650 #0 - SUBJECT ADDED ENTRY--TOPICAL TERM
Topical term or geographic name as entry element Copyright and electronic data processing
Geographic subdivision United States.
Topical term or geographic name as entry element Online authorship
Geographic subdivision United States.
Topical term or geographic name as entry element Authorship
General subdivision Study and teaching
Geographic subdivision United States.
Topical term or geographic name as entry element Electronic publishing
General subdivision Law and legislation
Geographic subdivision United States.
655 #7 - INDEX TERM--GENRE/FORM
Genre/form data or focus term Electronic books.
Source of term local
710 2# - ADDED ENTRY--CORPORATE NAME
Corporate name or jurisdiction name as entry element ebrary, Inc.
856 40 - ELECTRONIC LOCATION AND ACCESS
Uniform Resource Identifier <a href="http://site.ebrary.com/lib/rucke/Doc?id=10701563">http://site.ebrary.com/lib/rucke/Doc?id=10701563</a>
Public note An electronic book accessible through the World Wide Web; click to view

No items available.

© 2026 Rongo University
Contact us: librarian | system librarian | Rongo university